000 01308cam a2200313Ia 4500
999 _c2019
_d2019
001 16771741
003 OCoLC
005 20180922151040.0
008 870929s1962 nyu b 001 0 eng d
020 _a0061300950
020 _a9780061300950
040 _aORZ
_beng
_cORZ
_dOCL
_dWSU
_dNRC
_dGTX
_dIQU
_dOCL
_dGGN
_dLVB
_dOCLCG
_dCFT
_dOCLCQ
_dOCLCF
041 1 _aeng
_hger
082 _a230
_bB284C
090 _aBT75
_b.B2834 1962
100 1 _aBarth, Karl,
_d1886-1968.
240 1 0 _aKirchliche Dogmatik.
_kSelections.
_lEnglish
245 1 0 _aChurch dogmatics :
_ba selection /
_cKarl Barth ; with an introduction by Helmut Gollwitzer ; translated and edited by G.W. Bromiley.
250 _a1st Harper torchbook ed.
260 _aNew York :
_bHarper & Row,
_c1962
_g(1978 printing)
300 _aviii, 262 p. ;
_c21 cm.
490 1 _aHarper torchbooks ;
_vTB95
504 _aIncludes bibliographical references and index.
505 0 _aRevelation -- Jesus Christ -- Nothingness -- Creation as benefit -- The determination of man -- Agape and Eros -- Man and woman -- Appendix. The light of life -- The threefold coming again of Jesus Christ -- Union with Christ.
650 0 _aTheology, Doctrinal.
700 1 _aBromiley, G. W.
_q(Geoffrey William)
830 0 _aHarper torchbooks ;
_v95.
942 _2ddc
_cBK